000 00712nam a2200265 i 4500
001 C2-0246236
003 PPAK
005 20180727211035.0
008 030322s enka|||| ||||| | eng d
020 _a072141950X
040 _aPPAK
_beng
_cPPAK
_erda
082 0 4 _a428.6
_223
090 0 0 _a428.6
_bLIT
_dK
245 0 0 _aLittle red hen
264 1 _aLondon :
_bLadybird Books ,
_c[date of publication not identified]
300 _a27 pages :
_bcolour illustrations ;
_c18 cm
336 _2rdacontent
_atext
337 _2rdamedia
_aunmediated
338 _2rdacarrier
_avolume
490 1 _aRead it yourself
500 _aLevel 1
650 1 0 _aReaders
830 0 _aRead it yourself
942 _ddc
_cB
999 _c60198
_d60198